Sozialistische Finanzwirtschaft Zeitschrift für das Finanz- und Kreditwesen der DDR

Guardado en:
Detalles Bibliográficos
Formato: Seriadas
Lenguaje:alemán
Publicado: Berlin Wirtschaft 1980
Etiquetas: Agregar Etiqueta
Sin Etiquetas, Sea el primero en etiquetar este registro!

MARC

LEADER 00000nas2a22000001 4500
001 s123641
005 20250730114222.5
041 0 |a ger 
044 |a DE 
245 1 0 |a Sozialistische Finanzwirtschaft  |b Zeitschrift für das Finanz- und Kreditwesen der DDR 
264 1 |a Berlin  |b Wirtschaft  |c 1980 
300 |a 1 zv. 
773 0 |w eu_un_cat*s120787